Being tribal / (Record no. 52654)

MARC details
000 -LEADER
fixed length control field 02029nam a22003137a 4500
005 - DATE AND TIME OF LATEST TRANSACTION
control field 20110601103735.0
010 ## - LCCN (DPL NO)
LC control number ENG-102530 B-447404-408
020 ## - INTERNATIONAL STANDARD BOOK NUMBER
International Standard Book Number 9789380607023
Terms of availability 825.00
035 ## - SYSTEM CONTROL NUMBER
System control number EN-86063 B-447404-408
037 ## - SOURCE OF ACQUISITION
Source of stock number/acquisition DBAD / PUB
037 ## - SOURCE OF ACQUISITION
Source of stock number/acquisition K.K.Pub/Ven
082 ## - DEWEY DECIMAL CLASSIFICATION NUMBER
Classification number 307.772
100 ## - MAIN ENTRY--PERSONAL NAME
Personal name Ratnagar, Shereen
245 ## - TITLE STATEMENT
Title Being tribal /
Statement of responsibility, etc by Shereen Ratnagar
260 ## - PUBLICATION, DISTRIBUTION, ETC. (IMPRINT)
Place of publication, distribution, etc Delhi
Name of publisher, distributor, etc Primus Books
Date of publication, distribution, etc 2010
270 ## - ADDRESS
Address Virat Bhavan, Mukherjee Nagar Commercial Complex
City Delhi
Postal code 110009
300 ## - PHYSICAL DESCRIPTION
Extent xiii, 111 p :
Dimensions 26cm (Hb)
Other physical details col. ill., col. map
500 ## - GENERAL NOTE
General note Includes bibliographical references (p. [90]-97) and index
520 ## - SUMMARY, ETC.
Summary, etc Study with reference to Rathwa and Dhanak communities residing in two villages of eastern Gujarat in India.
700 ## - ADDED ENTRY--PERSONAL NAME
9 (RLIN) 27415
942 ## - ADDED ENTRY ELEMENTS (KOHA)
Institution code [OBSOLETE] dpl
Item type English Books
Source of classification or shelving scheme Dewey Decimal Classification
Call number suffix RAT
Classification part 307.772
Holdings
Withdrawn status Lost status Not for loan Collection code Home library Current library Date acquired Source of acquisition Cost, normal purchase price Full call number Barcode Copy number Cost, replacement price Koha item type
      Non-fiction Central Library Central Library 12/04/2012 K.K.Pub/1318/23.09.2011/03/23.09.2011/09.11.2011 825.00 307.772 RAT B-447404 1 825.00 English Books
    Not For Loan Non-fiction D.B.Act.Division D.B.Act.Division 01/06/2011 DBAD/PUB 825.00 307.772 RAT EN-86063 1 825.00 English Books
      Non-fiction Karol Bagh Karol Bagh 12/04/2012 K.K.Pub/1318/23.09.2011/03/23.09.2011/09.11.2011 825.00 307.772 RAT B-447407 1 825.00 English Books
      Non-fiction Patel Nagar Patel Nagar 12/04/2012 K.K.Pub/1318/23.09.2011/03/23.09.2011/09.11.2011 825.00 307.772 RAT B-447405 1 825.00 English Books
      Non-fiction Sarojini Nagar Sarojini Nagar 12/04/2012 K.K.Pub/1318/23.09.2011/03/23.09.2011/09.11.2011 825.00 307.772 RAT B-447406 1 825.00 English Books
      Non-fiction Shahdara Branch Shahdara Branch 12/04/2012 K.K.Pub/1318/23.09.2011/03/23.09.2011/09.11.2011 825.00 307.772 RAT B-447408 1 825.00 English Books

© Delhi Public Library
Hit Counter
free hit counter